Phan Cự Đệ tuyển tập T.3 Văn học lãng mạn Việt Nam (1932 -1945): Phê bình và tiểu luận
v.v...
Đã lưu trong:
| Tác giả chính: | |
|---|---|
| Định dạng: | Sách |
| Năm xuất bản: |
H.
Giáo dục
2006
|
| Chủ đề: | |
| Tags: |
Thêm thẻ
Không có thẻ, Hãy là người đầu tiên gắn thẻ bản ghi này!
|
| LEADER | 00698nam a2200181 4500 | ||
|---|---|---|---|
| 082 | |a 895.922090034 |b PH105C | ||
| 100 | |a Phan Cự Đệ | ||
| 245 | |a Phan Cự Đệ tuyển tập |c Lý Hoài Thu tuyển chọn |n T.3 |p Văn học lãng mạn Việt Nam (1932 -1945): Phê bình và tiểu luận | ||
| 260 | |a H. |b Giáo dục |c 2006 | ||
| 300 | |a 829tr. |c 24 cm | ||
| 520 | |a v.v... | ||
| 653 | |a Văn học hiện đại | ||
| 653 | |a Thế kỷ 20 | ||
| 653 | |a Việt Nam | ||
| 653 | |a Phê bình văn học | ||
| 942 | |2 ddc |c SH | ||
| 999 | |c 2768 |d 2768 | ||
| 952 | |0 0 |1 0 |2 ddc |4 0 |6 895_922090034000000_PH105C |7 0 |8 800 |9 33233 |a qbu |b qbu |c D5 |d 2014-12-15 |g 132000 |o 895.922090034 PH105C |p 3516.c1 |r 0000-00-00 |w 2014-12-15 |y SH | ||